000 02463nam0a2200361 4500
001 RU\NLR\BIBL_A\022762533
005 20260503065214.0
010 _a978-5-209-12774-1
_9100
021 _aRU
_bКН-П-26-004397
_9КН-П-26-0417
035 _a(NLR Aleph) 022762533
090 _a13700887
_c13700887
100 _a20260323d2025 k y0rusy50 ca
101 0 _aeng
102 _aRU
105 _ay j 000yy
181 0 _ai4
_baxxe
182 0 _an
200 1 _aResearch plan immunization and prevention in the insufficient of sanitary static data of child health: for middle/low income countrues
_eorganizational, methodological, research recommendations
_fJohn David Esu, Dmitry Ivanovich Kicha, Anna Vladimirovna Fomina
_g[RUDN university, Institute of medicine]
203 _aТекст
_bвизуальный
_cнепосредственный
210 _aMoscow
_cPeoples' friendship university of Russia named after Patrice Lumumba
_d2025
215 _a18 с.
_d21
300 _aВ вып. дан.: Иммунизация и профилактика при недостаточности санитарно-статистических данных о здоровье детей: в странах со средним/низким уровнем дохода : организационные, методические, исследовательские рекомендации / Ису Давид Джон, Кича Дмитрий Иванович, Фомина Анна Владимировна
517 1 _aИммунизация и профилактика при недостаточности санитарно-статистических данных о здоровье детей: в странах со средним/низким уровнем дохода
_eорганизационные, методические, исследовательские рекомендации
606 1 _aДети
_jМетодические пособия
_xИммунизация
_yЗарубежные страны
_92707454
_3RU\NLR\AUTH\6601769970
686 1 _aР193.95я8
686 1 _aР192.9(3)я8
700 1 _aEsu
_bJ.D.
_gJohn David
701 1 _7ba
_8rus
_aKiča
_bD. I.
_gDmitrij Ivanovič
_9178521
_3RU\NLR\AUTH\770178572
701 1 _7ba
_8rus
_aFomina
_bA. V.
_cд-р фармацевт. наук
_gAnna Vladimirovna
_9178528
_3RU\NLR\AUTH\770178579
942 _cBOOK
980 _aNB